000 04944nam a22003137a 4500
005 20111011110112.0
010 _aB-444225-229
020 _c25.00
_a9788182630512
035 _aB-444225-229
037 _bबल्यूबैरी बुक्स
082 _a
100 _aबँनर्जी, रूक्मिणी
_937976
245 _aचाचा की शादी /
_cरूक्मिणी बँनर्जी ; संतोष पुजारी द्वारा चित्रांकित; प्रथम पुस्तक समूह द्वारा हिन्दी में अनुदित
246 _a
_b
250 _a5वाँ संस्क.
260 _aनई दिल्ली
_bप्रथम बुक्स
_c2011
270 _aबी-3/4, प्रथम तल, सफदरज़ंग एन्क्लेव
_bनई दिल्ली
_e110 029
_k011-65684113
_l
_mwww.prathambooks.org
300 _a24पृ.;
_c14सेमी (अजिल्द)
_bसचित्र
490 _a
_937977
500 _a
700 _aसंतोष पुजारी के. विजया
_932269
942 _2ddc
_cCH
_mबँनर्जी
_h
999 _c57505
_d57505